[Event "Eliminacje Miedzywojewodzkie (MA - WM) grupa C13"]
[Site "OSW „Nadrzecze” ul. Brzostowa 5, 07-306 Brok"]
[Date "1899-12-30"]
[Round "5.2"]
[White "Rylski, Tadeusz"]
[Black "Krasniewski, Maciej"]
[Result "1-0"]
[WhiteTitle "II+"]
[BlackTitle "I"]
[WhiteElo "1641"]
[BlackElo "1521"]

1. d4 Nf6 2. c4 g6 3. Nc3 Bg7 4. g3 O-O 5. Bg2 d6 6. Nf3 Nc6 7. O-O a6 8. Qc2 Na5
9. c5 d5 10. Ne5 Bf5 11. Qa4 c6 12. Bd2 b5 13. cxb6 Qxb6 14. Nd1 Nc4 15. Nxc4
dxc4 16. Qxc4 Rac8 17. Bb4 Nd5 18. Bc5 Qb7 19. e4 Nb6 20. Bxb6 Be6 21. Qc5 Rb8
22. Ba5 Qd7 23. Qc1 Bxd4 24. Bc3 c5 25. Ne3 Rfc8 26. Rd1 Qa7 27. Qd2 Rd8 28. Qe2
Bd7 29. Nd5 Bb5 30. Qf3 e6 31. Nf6+ Kg7 32. Ng4 f5 33. exf5 exf5 34. Ne5 Rd6 35.
a4 Be8 36. Rd2 Rb3 37. Nc4 Bc6 38. Bxd4+ Rxd4 39. Qxb3 Bxg2 40. Rxd4 1-0

[Event "Eliminacje Miedzywojewodzkie (MA - WM) grupa C13"]
[Site "OSW „Nadrzecze” ul. Brzostowa 5, 07-306 Brok"]
[Date "1899-12-30"]
[Round "5.3"]
[White "Grzadka, Artur"]
[Black "Pancewicz, Szymon"]
[Result "1-0"]
[WhiteTitle "I"]
[BlackTitle "I+"]
[WhiteElo "1659"]
[BlackElo "1793"]

1. d4 d5 2. c4 e6 3. Nf3 Nf6 4. g3 Be7 5. Bg2 O-O 6. O-O b6 7. Nc3 Bb7 8. b3 Nbd7
9. Bb2 c5 10. cxd5 exd5 11. e3 Rc8 12. Qe2 Re8 13. Rfd1 Qc7 14. Rac1 Qb8 15. Qf1
Bf8 16. Nh4 Qa8 17. dxc5 bxc5 18. Qd3 Ne5 19. Qf5 Bd6 20. f4 Ng6 21. Nxd5 Bxd5
22. Rxd5 Ne7 23. Qg5 h6 24. Rxd6 hxg5 25. Bxa8 gxh4 26. Bxf6 gxf6 27. Be4 hxg3
28. hxg3 Kg7 29. Kf2 Rc7 30. Kf3 Rh8 31. Kg2 Rb8 32. Bd3 Rb6 33. Rxb6 axb6 34.
Bc4 Ra7 35. a4 Nf5 36. Kf3 Re7 37. Rc3 Nd6 38. Bd5 f5 39. g4 fxg4+ 40. Kxg4 Kf6
41. Kf3 Nf5 42. Rd3 Rd7 43. Be4 Rxd3 44. Bxd3 Nd6 45. e4 Nb7 46. e5+ Ke7 47. Ke4
Na5 48. Bc4 Nc6 49. f5 Nb4 50. f6+ Kf8 51. Kf5 Nc6 52. Ke4 Nb4 53. e6 fxe6 54.
Bxe6 Ke8 55. Ke5 Nd3+ 56. Kd6 Nb2 57. Kc6 c4 58. Bxc4 1-0

[Event "Eliminacje Miedzywojewodzkie (MA - WM) grupa C13"]
[Site "OSW „Nadrzecze” ul. Brzostowa 5, 07-306 Brok"]
[Date "1899-12-30"]
[Round "5.4"]
[White "Klim, Filip"]
[Black "Kaczorowski, Jan"]
[Result "1-0"]
[WhiteTitle "I++"]
[BlackTitle "III"]
[WhiteElo "1950"]
[BlackElo "1107"]

1. e4 c5 2. Nf3 d6 3. d4 cxd4 4. Nxd4 Nf6 5. Nc3 a6 6. Be2 e5 7. Nb3 Be7 8. Bg5
Be6 9. Bxf6 Bxf6 10. Qd3 Be7 11. O-O-O Nd7 12. g3 Nf6 13. f4 b5 14. Nd5 Bxd5 15.
exd5 O-O 16. fxe5 Nd7 17. exd6 Bxd6 18. Kb1 Nb6 19. Nd4 Nc4 20. Nc6 Qf6 21. Qd4
Be5 22. Nxe5 Qxe5 23. Bxc4 Qxd4 24. Rxd4 bxc4 25. Rxc4 Rad8 26. Rd1 Rfe8 27. b3
Re2 28. h4 Rg2 29. Rd3 g6 30. d6 Re2 31. d7 Re7 32. Rc8 Rxc8 33. dxc8=Q+ Kg7 34.
g4 Re5 35. g5 Rf5 36. Rd8 f6 37. Qd7# 1-0

[Event "Eliminacje Miedzywojewodzkie (MA - WM) grupa C13"]
[Site "OSW „Nadrzecze” ul. Brzostowa 5, 07-306 Brok"]
[Date "1899-12-30"]
[Round "5.5"]
[White "Jozwik, Michal"]
[Black "Szymkiewicz, Witold"]
[Result "1-0"]
[WhiteTitle "II"]
[BlackTitle "II+"]
[WhiteElo "1478"]
[BlackElo "1244"]

1. d4 d5 2. c4 e6 3. Nf3 Nf6 4. e3 Nc6 5. Bd3 dxc4 6. Bxc4 Be7 7. O-O O-O 8. Nc3
a6 9. a4 b6 10. e4 Nb4 11. d5 exd5 12. exd5 Bb7 13. Bf4 Nbxd5 14. Nxd5 Bxd5 15.
Qc2 Bxf3 16. gxf3 Bc5 17. Rad1 Qc8 18. Kg2 Qb7 19. Be5 Nh5 20. Rd7 Rac8 21. Bd5
Qb8 22. Qf5 Rcd8 23. Bxf7+ Kh8 24. Qxh5 Rxd7 25. Bg6 Rxf3 26. Qxh7# 1-0

[Event "Eliminacje Miedzywojewodzkie (MA - WM) grupa C13"]
[Site "OSW „Nadrzecze” ul. Brzostowa 5, 07-306 Brok"]
[Date "1899-12-30"]
[Round "5.7"]
[White "Obidzinski, Cezary"]
[Black "Suchocki, Jan"]
[Result "1-0"]
[WhiteTitle "III"]
[BlackTitle "II"]
[WhiteElo "1033"]
[BlackElo "1095"]

1. d4 e6 2. c4 d5 3. Nc3 Bb4 4. Nf3 h6 5. a3 Bxc3+ 6. bxc3 Nf6 7. cxd5 exd5 8.
e3 O-O 9. c4 c6 10. cxd5 Nxd5 11. Bd2 Bf5 12. Bb4 Re8 13. Bd3 Be6 14. O-O Bg4
15. h3 Bh5 16. Be2 Nd7 17. Nd2 Bg6 18. Qb3 Qb6 19. Nc4 Qc7 20. Bd6 Qc8 21. Bg3
Re7 22. Nd6 Qc7 23. Nf5 Qb6 24. Nxe7+ Nxe7 25. Qxb6 Nxb6 26. Rfd1 Ned5 27. Bd3
Bxd3 28. Rxd3 Re8 29. Rb3 Re7 30. Rab1 Nc4 31. Rxb7 Rxb7 32. Rxb7 Nxa3 33. Rxa7
Nc4 34. Ra8+ Kh7 35. Rc8 Na5 36. Bc7 Nxc7 37. Rxc7 Kg6 38. Kf1 Kf6 39. Ra7 Nc4
40. Ra6 Nd2+ 41. Ke2 Ne4 42. Rxc6+ Ke7 43. Kf3 Nd6 44. Kf4 g6 45. Ke5 Ne8 46.
Ra6 f6+ 47. Ke4 Kd7 48. Ra7+ Kd6 49. Ra8 Kd7 50. Rxe8 Kxe8 51. Kd5 Kd7 52. g4
h5 53. gxh5 gxh5 54. h4 1-0

[Event "Eliminacje Miedzywojewodzkie (MA - WM) grupa C13"]
[Site "OSW „Nadrzecze” ul. Brzostowa 5, 07-306 Brok"]
[Date "1899-12-30"]
[Round "6.1"]
[White "Klim, Filip"]
[Black "Janeczko, Jakub"]
[Result "0-1"]
[WhiteTitle "I++"]
[BlackTitle "I"]
[WhiteElo "1950"]
[BlackElo "1879"]

1. e4 c5 2. Nf3 Nc6 3. d4 cxd4 4. Nxd4 Nf6 5. Nc3 e6 6. Ndb5 Bc5 7. Nd6+ Ke7 8.
Bf4 e5 9. Nf5+ Kf8 10. Bg5 d6 11. Nd5 Qa5+ 12. Bd2 Bxf2+ 13. Kxf2 Nxe4+ 14. Ke1
Qxd5 15. Ne3 Qxd2+ 16. Qxd2 Nxd2 17. Kxd2 Be6 18. c3 f5 19. Bc4 Bxc4 20. Nxc4
Ke7 21. Ne3 Ke6 22. Rhf1 g6 23. Rae1 d5 24. Nc2 Rhd8 25. Re2 d4 26. cxd4 Nxd4
27. Nxd4+ Rxd4+ 28. Ke1 Rc8 29. Kf2 Rf4+ 30. Kg1 Rxf1+ 31. Kxf1 e4 32. g3 Ke5
33. Kf2 f4 34. g4 e3+ 35. Kf3 Rc1 36. b3 Rf1+ 37. Kg2 Rf2+ 0-1

[Event "Eliminacje Miedzywojewodzkie (MA - WM) grupa C13"]
[Site "OSW „Nadrzecze” ul. Brzostowa 5, 07-306 Brok"]
[Date "1899-12-30"]
[Round "6.2"]
[White "Kazmierowski, Tymon"]
[Black "Rylski, Tadeusz"]
[Result "1/2-1/2"]
[WhiteTitle "I"]
[BlackTitle "II+"]
[WhiteElo "1970"]
[BlackElo "1641"]

1. d4 e6 2. c4 Nf6 3. g3 d5 4. Nf3 b6 5. cxd5 exd5 6. Bg2 Bb7 7. O-O Be7 8. Nc3
O-O 9. Bf4 Nbd7 10. Rc1 a6 11. Qc2 c5 12. Rfd1 c4 13. Ne5 b5 14. e4 Nb6 15. a4
b4 16. Nxd5 Nfxd5 17. exd5 Bxd5 18. Bxd5 Nxd5 19. Qxc4 Nxf4 20. gxf4 Bd6 21. Qd5
Qf6 22. Qf3 Rac8 23. Kh1 Bxe5 24. dxe5 Qf5 25. Rxc8 Rxc8 26. Qd3 Qxd3 27. Rxd3
g6 28. Kg2 Rc2 29. b3 Rc3 30. Re3 Kf8 31. Kf3 Rc2 32. Rd3 Ke7 33. h4 h5 34. Ke3
a5 35. Kf3 Ke6 36. Rd6+ Ke7 37. Rd3 Ke6 38. Rd6+ Kxe5 39. Ke4+ 1/2-1/2

[Event "Eliminacje Miedzywojewodzkie (MA - WM) grupa C13"]
[Site "OSW „Nadrzecze” ul. Brzostowa 5, 07-306 Brok"]
[Date "1899-12-30"]
[Round "6.3"]
[White "Krasniewski, Maciej"]
[Black "Grzadka, Artur"]
[Result "0-1"]
[WhiteTitle "I"]
[BlackTitle "I"]
[WhiteElo "1521"]
[BlackElo "1659"]

1. e4 c5 2. Nf3 d6 3. d4 cxd4 4. Nxd4 Nf6 5. Nc3 a6 6. Be2 e5 7. Nb3 Be6 8. O-O
Be7 9. Be3 Qc7 10. f4 Nbd7 11. f5 Bc4 12. g4 Bxe2 13. Qxe2 Qc6 14. Qf3 Nb6 15.
Na5 Qc7 16. g5 Nfd7 17. Qf2 O-O-O 18. Kh1 f6 19. g6 hxg6 20. fxg6 d5 21. exd5
Bb4 22. d6 Qxd6 23. Rad1 Qe6 24. Nb3 Bxc3 25. bxc3 Nd5 26. Qd2 Qh3 27. Rfe1 Qf3+
28. Qg2 Qxg2+ 29. Kxg2 Nxc3 30. Rd3 Na4 31. Rb1 b6 32. Rd6 Kc7 33. Rbd1 Ndc5 34.
Rxd8 Rxd8 35. Rxd8 Kxd8 36. h4 Ke7 37. h5 Ne6 38. Nd2 b5 39. a3 f5 40. Nf3 Kf6
41. Bf2 Nf4+ 42. Kf1 Nxh5 43. Bh4+ Ke6 44. Ke1 Nf4 45. Ng5+ Kd5 46. Nf7 Nxg6 47.
Bd8 e4 48. Ba5 Ne5 49. Ng5 Nf3+ 50. Nxf3 exf3 51. Kf2 Ke4 52. Bd2 Nb2 53. Bc3
Nd1+ 0-1

[Event "Eliminacje Miedzywojewodzkie (MA - WM) grupa C13"]
[Site "OSW „Nadrzecze” ul. Brzostowa 5, 07-306 Brok"]
[Date "1899-12-30"]
[Round "6.4"]
[White "Pancewicz, Szymon"]
[Black "Jozwik, Michal"]
[Result "1-0"]
[WhiteTitle "I+"]
[BlackTitle "II"]
[WhiteElo "1793"]
[BlackElo "1478"]

1. e4 g6 2. d4 Bg7 3. Nf3 c5 4. dxc5 Qa5+ 5. c3 Qxc5 6. Na3 Bxc3+ 7. bxc3 Qxc3+
8. Qd2 Qxa1 9. Nb5 Nf6 10. Bd3 Kd8 11. O-O Nxe4 12. Bxe4 Qg7 13. Bb2 Qf8 14. Bxb7
1-0

[Event "Eliminacje Miedzywojewodzkie (MA - WM) grupa C13"]
[Site "OSW „Nadrzecze” ul. Brzostowa 5, 07-306 Brok"]
[Date "1899-12-30"]
[Round "6.5"]
[White "Kaczorowski, Jan"]
[Black "Obidzinski, Cezary"]
[Result "0-1"]
[WhiteTitle "III"]
[BlackTitle "III"]
[WhiteElo "1107"]
[BlackElo "1033"]

1. e4 c5 2. Nf3 e6 3. d4 cxd4 4. Nxd4 Nc6 5. Nc3 a6 6. Be2 Qc7 7. O-O b5 8. a3
Bb7 9. Be3 Nf6 10. f4 d6 11. Bd3 Be7 12. Qe1 O-O 13. Qg3 Nxd4 14. Bxd4 Rac8 15.
Rae1 Rfe8 16. Kh1 Bd8 17. e5 dxe5 18. fxe5 Nd5 19. Nxd5 Bxd5 20. Be3 f6 21. Qh3
h6 22. Bxh6 gxh6 23. Qxh6 Qg7 24. Qxg7+ Kxg7 25. exf6+ Bxf6 26. h3 Rg8 27. Kh2
Kf7 28. g4 Ke7 29. Bf5 Rcf8 30. Kg3 Bxb2 31. h4 Kd6 32. Bd3 Rxf1 33. Rxf1 Bg7
34. g5 Rf8 35. Rxf8 Bxf8 36. g6 Ke7 37. h5 Kf6 38. Kg4 Kg7 39. Kg5 Be7+ 40. Kf4
Bxa3 41. Kg5 Be7+ 42. Kf4 Bc4 43. Ke5 Bxd3 44. cxd3 Bf6+ 45. Kxe6 b4 46. Kf5 Bc3
47. Kg5 Bd2+ 48. Kf5 b3 49. d4 b2 50. h6+ Bxh6 51. d5 b1=Q+ 52. Ke5 Qe1+ 53. Kd6
Kxg6 54. Kc6 Qc3+ 55. Kd7 Qf6 56. d6 Bf4 57. Kc6 Qxd6+ 58. Kb7 Be3 59. Ka8 Qd7
60. Kb8 Bd4 61. Ka8 Qa7# 0-1

[Event "Eliminacje Miedzywojewodzkie (MA - WM) grupa C13"]
[Site "OSW „Nadrzecze” ul. Brzostowa 5, 07-306 Brok"]
[Date "1899-12-30"]
[Round "6.6"]
[White "Suchocki, Jan"]
[Black "Rodziewicz-bielewicz, Kuba"]
[Result "0-1"]
[WhiteTitle "II"]
[BlackTitle "II"]
[WhiteElo "1095"]
[BlackElo "1164"]

1. e4 g6 2. d4 Bg7 3. Nc3 c6 4. Nf3 d5 5. exd5 cxd5 6. Be3 Bg4 7. Be2 Nc6 8. h3
Bxf3 9. Bxf3 e6 10. O-O Nge7 11. Ne2 O-O 12. c3 Qb6 13. Rb1 Rfe8 14. Nc1 Nf5 15.
Qd2 Rad8 16. Nd3 e5 17. dxe5 Nxe3 18. fxe3 Nxe5 19. Nxe5 Rxe5 20. Qd4 Rxe3 21.
Qxb6 axb6 22. Rfd1 d4 23. cxd4 Rxd4 24. Rxd4 Bxd4 25. Kf1 Re7 26. b3 b5 27. Rd1
Bf6 28. Rd8+ Kg7 29. Rb8 Bh4 30. Be2 Rc7 31. Re8 Rc1+ 32. Bd1 Rxd1+ 33. Ke2 Re1+
0-1

[Event "Eliminacje Miedzywojewodzkie (MA - WM) grupa C13"]
[Site "OSW „Nadrzecze” ul. Brzostowa 5, 07-306 Brok"]
[Date "1899-12-30"]
[Round "7.1"]
[White "Janeczko, Jakub"]
[Black "Pancewicz, Szymon"]
[Result "1-0"]
[WhiteTitle "I"]
[BlackTitle "I+"]
[WhiteElo "1879"]
[BlackElo "1793"]

1. d4 d5 2. Bf4 Nf6 3. e3 c5 4. Nc3 a6 5. Nf3 Nc6 6. dxc5 e6 7. Na4 Bxc5 8. Nxc5
Qa5+ 9. c3 Qxc5 10. h4 Bd7 11. Ne5 Rc8 12. g4 Nxe5 13. Bxe5 Rg8 14. g5 Ne4 15.
Qh5 b5 16. Qxh7 Kf8 17. Bd3 Bc6 18. Rd1 f5 19. Bxe4 fxe4 20. Bxg7+ Rxg7 21. Qh8+
Kf7 22. Qxc8 b4 23. h5 bxc3 24. Qc7+ Kf8 25. Qd8+ Be8 26. Qf6+ Rf7 27. Qxc3 1-0

[Event "Eliminacje Miedzywojewodzkie (MA - WM) grupa C13"]
[Site "OSW „Nadrzecze” ul. Brzostowa 5, 07-306 Brok"]
[Date "1899-12-30"]
[Round "7.2"]
[White "Rylski, Tadeusz"]
[Black "Grzadka, Artur"]
[Result "1-0"]
[WhiteTitle "II+"]
[BlackTitle "I"]
[WhiteElo "1641"]
[BlackElo "1659"]

1. d4 Nf6 2. c4 g6 3. Nf3 Bg7 4. g3 d5 5. cxd5 Nxd5 6. e4 Nb6 7. h3 Nc6 8. Be3
O-O 9. Nc3 e5 10. d5 Ne7 11. Qb3 Bd7 12. a4 Rb8 13. Rd1 Nbc8 14. Bg2 b6 15. O-O
Nd6 16. Nd2 Qc8 17. Kh2 Qa6 18. Qa3 b5 19. axb5 Qxa3 20. bxa3 Nxb5 21. Nxb5 Bxb5
22. Rfe1 a6 23. Bf1 c6 24. Bc5 Rb7 25. dxc6 Bxc6 26. Bxa6 Rc7 27. Bb4 Ra8 28.
Bd3 Rd7 29. Nc4 Ba4 30. Nb6 Bxd1 31. Nxd7 Rd8 32. Bb5 1-0

[Event "Eliminacje Miedzywojewodzkie (MA - WM) grupa C13"]
[Site "OSW „Nadrzecze” ul. Brzostowa 5, 07-306 Brok"]
[Date "1899-12-30"]
[Round "7.3"]
[White "Kazmierowski, Tymon"]
[Black "Klim, Filip"]
[Result "1-0"]
[WhiteTitle "I"]
[BlackTitle "I++"]
[WhiteElo "1970"]
[BlackElo "1950"]

1. d4 d5 2. c4 e6 3. Nf3 Nf6 4. g3 dxc4 5. Bg2 a6 6. a4 Nc6 7. O-O Na5 8. Nbd2
c5 9. dxc5 Bxc5 10. Qc2 Bd7 11. b3 Rc8 12. bxc4 b5 13. axb5 axb5 14. Bb2 Nxc4
15. Nxc4 bxc4 16. Rfd1 O-O 17. Ne5 Qe7 18. Qc3 Bb4 19. Qd4 Rfd8 20. Bc6 Bc5 21.
Qd2 Ne4 22. Bxe4 Ba4 23. Rxa4 Rxd2 24. Rxd2 Bb4 25. Nc6 Qg5 26. f4 Bc5+ 27. Kg2
Qh5 28. Rxc4 Rf8 29. Bf3 Qf5 30. e4 1-0

[Event "Eliminacje Miedzywojewodzkie (MA - WM) grupa C13"]
[Site "OSW „Nadrzecze” ul. Brzostowa 5, 07-306 Brok"]
[Date "1899-12-30"]
[Round "7.4"]
[White "Rodziewicz-bielewicz, Kuba"]
[Black "Kaczorowski, Jan"]
[Result "1-0"]
[WhiteTitle "II"]
[BlackTitle "III"]
[WhiteElo "1164"]
[BlackElo "1107"]

1. e4 c5 2. Nf3 d6 3. Bb5+ Bd7 4. Bxd7+ Nxd7 5. O-O Ngf6 6. Nc3 e6 7. Re1 Be7 8.
d3 h6 9. d4 O-O 10. e5 dxe5 11. dxe5 Nh7 12. Re2 a6 13. Rd2 Qb6 14. Rxd7 Rfe8
15. Be3 Nf8 16. Rd3 Qxb2 17. Rb1 Qa3 18. Rxb7 c4 19. Nb1 Qa5 20. Rc3 Rad8 21.
Qe1 Bb4 22. Nd4 Rc8 23. Bd2 Bxc3 24. Nxc3 Ng6 25. Ncb5 Qxa2 26. Nd6 Rb8 27. Rxf7
Rb1 28. Bc1 Qb2 29. Ne2 Qxc2 30. g3 Nxe5 31. Kg2 Nd3 32. Qa5 Qxe2 33. Rxg7+ Kxg7
34. Qc7+ Kg8 35. Qf7+ Kh8 36. Qxe8+ Kg7 37. Qf7+ Kh8 38. Qf6+ Kg8 39. Qg6+ Kh8
40. Nf7# 1-0

[Event "Eliminacje Miedzywojewodzkie (MA - WM) grupa C13"]
[Site "OSW „Nadrzecze” ul. Brzostowa 5, 07-306 Brok"]
[Date "1899-12-30"]
[Round "7.5"]
[White "Obidzinski, Cezary"]
[Black "Szymkiewicz, Witold"]
[Result "1-0"]
[WhiteTitle "III"]
[BlackTitle "II+"]
[WhiteElo "1033"]
[BlackElo "1244"]

1. d4 d5 2. c4 c6 3. Nf3 Nf6 4. Nc3 Bf5 5. cxd5 cxd5 6. Bg5 e6 7. e3 a6 8. Bd3
Bxd3 9. Qxd3 Nc6 10. O-O Bd6 11. a3 h6 12. Bh4 g5 13. Bg3 Rc8 14. Bxd6 Qxd6 15.
Rac1 O-O 16. b4 b5 17. Ne2 Ne4 18. Ng3 f5 19. Nd2 Kg7 20. Nb3 Nb8 21. Rxc8 Rxc8
22. Nc5 Nd7 23. Rc1 Kg6 24. Ngxe4 dxe4 25. Qb3 Nxc5 26. dxc5 Qd5 27. Qxd5 exd5
28. Rd1 Rd8 29. c6 Rc8 30. Rxd5 Rxc6 31. g3 Kf6 32. Rd8 Rc1+ 33. Kg2 Rc6 34. Ra8
Ke5 35. Ra7 Rf6 36. Re7+ Kd5 37. Rc7 g4 38. Rc5+ Kd6 39. h3 h5 40. h4 Kd7 41.
Kf1 Kd6 42. Ke2 Kd7 43. Kd2 Rd6+ 44. Kc2 Ke6 45. Rc3 Kd7 46. Rc5 Rc6 47. Rxc6
Kxc6 48. Kc3 Kb6 49. Kd4 a5 50. Kd5 a4 51. Kd6 f4 52. gxf4 Kb7 53. Kd7 Kb6 54.
f5 Kb7 55. f6 Ka7 56. f7 g3 57. fxg3 Kb7 58. f8=Q Ka7 59. Qc5+ Ka6 60. Qc6+ Ka7
61. Qxb5 1-0

[Event "Eliminacje Miedzywojewodzkie (MA - WM) grupa C13"]
[Site "OSW „Nadrzecze” ul. Brzostowa 5, 07-306 Brok"]
[Date "1899-12-30"]
[Round "7.6"]
[White "Suchocki, Jan"]
[Black "Krasniewski, Maciej"]
[Result "1/2-1/2"]
[WhiteTitle "II"]
[BlackTitle "I"]
[WhiteElo "1095"]
[BlackElo "1521"]

1. e4 c5 2. Nf3 e6 3. d4 cxd4 4. Nxd4 Nf6 5. Bd3 Nc6 6. Nf3 Qc7 7. Nc3 a6 8. a3
Bc5 9. O-O O-O 10. Ne2 Rd8 11. b4 Be7 12. c4 d5 13. exd5 exd5 14. cxd5 Nxd5 15.
Qc2 h6 16. Bb2 Bg4 17. Be4 Rac8 18. Rfd1 Nf4 19. Rxd8+ Bxd8 20. Nxf4 Qxf4 21.
Bh7+ Kh8 22. Qe4 Qxe4 23. Bxe4 Be6 24. Rc1 a5 25. b5 Na7 26. Rxc8 Bxc8 27. a4
b6 28. Nd4 Bf6 29. Kf1 Bd7 30. Ke2 Nc8 31. Bc2 Ne7 32. Bb3 Kg8 33. Kd2 Ng6 34.
g3 Ne5 35. Ke2 Bg4+ 36. Ke3 Bd7 37. f3 h5 38. h4 Bc8 1/2-1/2

[Event "Eliminacje Miedzywojewodzkie (MA - WM) grupa C13"]
[Site "OSW „Nadrzecze” ul. Brzostowa 5, 07-306 Brok"]
[Date "1899-12-30"]
[Round "8.1"]
[White "Jozwik, Michal"]
[Black "Janeczko, Jakub"]
[Result "0-1"]
[WhiteTitle "II"]
[BlackTitle "I"]
[WhiteElo "1478"]
[BlackElo "1879"]

1. e4 c5 2. Nc3 Nc6 3. Bb5 g6 4. Bxc6 dxc6 5. f4 Bg7 6. Nf3 b6 7. d3 Bg4 8. h3
Bxf3 9. Qxf3 Qd7 10. Be3 Bd4 11. O-O-O O-O-O 12. g4 e6 13. Ne2 Ne7 14. Bxd4 cxd4
15. e5 Kb8 16. Ng3 Nd5 17. Ne4 Ne3 18. Rde1 Qd5 19. Rxe3 dxe3 20. Qxe3 Qxa2 21.
Qf3 Qa1+ 22. Kd2 Qxb2 23. Ng5 Rd7 24. Qxc6 Rc7 25. Qd6 Qxc2+ 26. Ke3 Kc8 27. Nxf7
Rxf7 28. Qxe6+ Rd7 29. d4 Qc3+ 30. Ke2 Qxd4 31. Rc1+ Kb8 32. Qc6 Rhd8 33. e6 Qd2+
34. Kf1 Qxc1+ 35. Qxc1 Rd1+ 36. Qxd1 Rxd1+ 37. Ke2 Rd8 38. f5 Kc7 39. f6 Kd6 40.
e7 Re8 0-1

[Event "Eliminacje Miedzywojewodzkie (MA - WM) grupa C13"]
[Site "OSW „Nadrzecze” ul. Brzostowa 5, 07-306 Brok"]
[Date "1899-12-30"]
[Round "8.2"]
[White "Rodziewicz-bielewicz, Kuba"]
[Black "Rylski, Tadeusz"]
[Result "0-1"]
[WhiteTitle "II"]
[BlackTitle "II+"]
[WhiteElo "1164"]
[BlackElo "1641"]

1. e4 e6 2. d4 d5 3. exd5 exd5 4. c4 c6 5. Be3 Bd6 6. Nd2 Ne7 7. Ngf3 O-O 8. b3
Re8 9. Bd3 Bf5 10. Be2 Nd7 11. O-O Ng6 12. Re1 Nf6 13. Bg5 h6 14. Bxf6 Qxf6 15.
Nf1 Nf4 16. Ng3 Bg4 17. Ne5 Nxe2+ 18. Nxe2 Bxe5 19. dxe5 Rxe5 20. f3 Bh5 21. Ng3
Rae8 22. Qd2 Bg6 23. cxd5 cxd5 24. Rxe5 Qxe5 25. Rd1 Rd8 26. Qa5 Qe3+ 27. Kh1
Rd7 28. h3 Qf4 29. Qc3 Rc7 30. Qe1 Rc2 31. Ne2 Qg5 32. f4 Qe7 33. Rd2 Qb4 34.
Nd4 Qxd2 35. Nxc2 Qxc2 36. Qa5 Qc1+ 37. Kh2 Qxf4+ 38. Kg1 Be4 39. Qxa7 Qg3 40.
Qf2 Qxf2+ 41. Kxf2 Kf8 42. g3 Ke7 43. Ke3 Kd6 44. Kd4 f5 45. a4 Bc2 46. Kc3 Be4
47. b4 g5 48. Kd4 f4 49. gxf4 gxf4 50. b5 b6 0-1

[Event "Eliminacje Miedzywojewodzkie (MA - WM) grupa C13"]
[Site "OSW „Nadrzecze” ul. Brzostowa 5, 07-306 Brok"]
[Date "1899-12-30"]
[Round "8.3"]
[White "Obidzinski, Cezary"]
[Black "Kazmierowski, Tymon"]
[Result "0-1"]
[WhiteTitle "III"]
[BlackTitle "I"]
[WhiteElo "1033"]
[BlackElo "1970"]

1. d4 Nf6 2. c4 e6 3. Nc3 Bb4 4. Qc2 c5 5. dxc5 Na6 6. a3 Bxc3+ 7. Qxc3 Nxc5 8.
Nf3 O-O 9. b4 Nce4 10. Qc2 d5 11. cxd5 exd5 12. e3 Ng4 13. Bd3 Ngxf2 14. O-O Nxd3
15. Qxd3 Be6 16. Bb2 Rc8 17. Qd4 f6 18. Qxa7 Rc2 19. Nd4 Rxb2 20. Nxe6 Qd7 21.
Qd4 Rd2 22. Qb6 Re8 23. Nf4 h6 24. Rad1 Qg4 25. Rxd2 Nxd2 26. Rc1 d4 27. Qb5 Rxe3
28. Qd5+ Kh7 29. Nh3 Rxh3 30. Rc8 Qd1+ 31. Kf2 Qf1# 0-1

[Event "Eliminacje Miedzywojewodzkie (MA - WM) grupa C13"]
[Site "OSW „Nadrzecze” ul. Brzostowa 5, 07-306 Brok"]
[Date "1899-12-30"]
[Round "8.4"]
[White "Grzadka, Artur"]
[Black "Szymkiewicz, Witold"]
[Result "1-0"]
[WhiteTitle "I"]
[BlackTitle "II+"]
[WhiteElo "1659"]
[BlackElo "1244"]

1. d4 d5 2. c4 c6 3. Nf3 Bf5 4. e3 Nf6 5. Nc3 e6 6. Nh4 Bg6 7. Be2 Nbd7 8. O-O
Bd6 9. g3 Rc8 10. b3 Be7 11. Bb2 a6 12. c5 Ne4 13. Nxg6 Nxc3 14. Bxc3 hxg6 15.
b4 Nf6 16. a4 Qd7 17. b5 axb5 18. axb5 e5 19. f3 e4 20. f4 Qh3 21. Rf2 Nd7 22.
Bg4 Qh6 23. Bxd7+ Kxd7 24. Ra7 Rb8 25. bxc6+ Kxc6 26. Qa4+ Kc7 27. c6 Qh3 28.
cxb7 Qd7 29. Ba5+ Kd6 30. Ra6+ Qc6 31. Qxc6# 1-0

[Event "Eliminacje Miedzywojewodzkie (MA - WM) grupa C13"]
[Site "OSW „Nadrzecze” ul. Brzostowa 5, 07-306 Brok"]
[Date "1899-12-30"]
[Round "8.5"]
[White "Krasniewski, Maciej"]
[Black "Kaczorowski, Jan"]
[Result "1-0"]
[WhiteTitle "I"]
[BlackTitle "III"]
[WhiteElo "1521"]
[BlackElo "1107"]

1. e4 c5 2. Nf3 d6 3. d4 cxd4 4. Nxd4 Nf6 5. Nc3 a6 6. a4 e5 7. Nf3 Be7 8. Bc4
Be6 9. Qe2 Nbd7 10. Bxe6 fxe6 11. Ng5 Nf8 12. O-O h6 13. Nh3 Ng6 14. f4 exf4 15.
Nxf4 Nxf4 16. Rxf4 O-O 17. Be3 Qc7 18. a5 Qc6 19. e5 Nd5 20. Rc4 Qd7 21. exd6
Nxc3 22. Rxc3 Qxd6 23. Bb6 Rac8 24. Rd1 Qb4 25. Rxc8 Rxc8 26. Qxe6+ Kh7 27. Qxc8
Qxb2 28. Qf5+ Kh8 29. Re1 Bf6 30. Re8# 1-0

[Event "Eliminacje Miedzywojewodzkie (MA - WM) grupa C13"]
[Site "OSW „Nadrzecze” ul. Brzostowa 5, 07-306 Brok"]
[Date "1899-12-30"]
[Round "8.6"]
[White "Klim, Filip"]
[Black "Suchocki, Jan"]
[Result "1-0"]
[WhiteTitle "I++"]
[BlackTitle "II"]
[WhiteElo "1950"]
[BlackElo "1095"]

1. e4 e5 2. Nf3 Nc6 3. Bc4 Bc5 4. c3 Nf6 5. d3 h6 6. O-O O-O 7. a4 a5 8. Nbd2 d6
9. h3 Be6 10. Re1 Re8 11. Bb5 Bd7 12. Nc4 Ne7 13. Bxd7 Qxd7 14. d4 exd4 15. cxd4
Bb4 16. Bd2 Bxd2 17. Qxd2 Nc6 18. d5 Nb4 19. Nxa5 Rxa5 20. Qxb4 b6 21. b3 Qc8
22. Rac1 Nd7 23. Nd4 Ne5 24. Rc3 g5 25. Nb5 Re7 26. Nxd6 Qa6 27. Nb7 c5 28. dxc6
Nxc6 29. Rxc6 Rxb7 30. Rc8+ Kg7 31. Qf8+ Kg6 32. Rc6+ Kh5 33. Rxh6# 1-0

[Event "Eliminacje Miedzywojewodzkie (MA - WM) grupa C13"]
[Site "OSW „Nadrzecze” ul. Brzostowa 5, 07-306 Brok"]
[Date "1899-12-30"]
[Round "9.1"]
[White "Janeczko, Jakub"]
[Black "Obidzinski, Cezary"]
[Result "1-0"]
[WhiteTitle "I"]
[BlackTitle "III"]
[WhiteElo "1879"]
[BlackElo "1033"]

1. e4 c5 2. Nf3 e6 3. g3 Nc6 4. Bg2 a6 5. O-O b5 6. c3 Bb7 7. d4 cxd4 8. cxd4 Qc7
9. d5 Ne5 10. Nxe5 Qxe5 11. Nc3 Qc7 12. e5 d6 13. exd6 Bxd6 14. dxe6 Bxg2 15.
exf7+ Kxf7 16. Kxg2 Nf6 17. Bg5 Be7 18. Qf3 Rhf8 19. Rfe1 Kg8 20. Nd5 Nxd5 21.
Qxd5+ Kh8 22. Bxe7 Rfe8 23. Re2 Ra7 24. Rae1 Qb7 25. Qxb7 Rxb7 26. b4 Kg8 27.
Bc5 Rxe2 28. Rxe2 Kf7 29. Rd2 g6 30. Rd6 Rb8 31. Rxa6 Kg8 32. Rb6 Ra8 33. Rxb5
Rxa2 34. Rb7 Rc2 35. Be3 Rb2 36. b5 Kf8 37. b6 Ke8 38. Rxh7 Kd8 39. b7 Rb5 40.
Rh8+ Kc7 41. b8=Q+ Rxb8 42. Bf4+ Kb7 43. Rxb8+ Ka6 44. h4 Ka5 45. g4 Ka4 46. h5
gxh5 47. gxh5 Ka3 48. h6 Ka2 49. h7 Ka1 50. h8=Q+ Ka2 51. Qg7 Ka3 52. Qa1# 1-0

[Event "Eliminacje Miedzywojewodzkie (MA - WM) grupa C13"]
[Site "OSW „Nadrzecze” ul. Brzostowa 5, 07-306 Brok"]
[Date "1899-12-30"]
[Round "9.2"]
[White "Rylski, Tadeusz"]
[Black "Klim, Filip"]
[Result "1-0"]
[WhiteTitle "II+"]
[BlackTitle "I++"]
[WhiteElo "1641"]
[BlackElo "1950"]

1. d4 d5 2. c4 e6 3. Nf3 Nf6 4. g3 dxc4 5. Qa4+ Nbd7 6. Bg2 a6 7. Qxc4 Bd6 8. O-O
b5 9. Qc2 Bb7 10. Nbd2 O-O 11. a3 c5 12. dxc5 Nxc5 13. b4 Na4 14. e4 Rc8 15. Qd3
Rc3 16. Qe2 e5 17. Nb1 Rc7 18. Bg5 h6 19. Bxf6 Qxf6 20. Nbd2 Rfc8 21. Bh3 Rd8
22. Rac1 Bc8 23. Rxc7 Bxc7 24. Bxc8 Rxc8 25. Rc1 Qe6 26. Nf1 Bd6 27. Qd2 Rxc1
28. Qxc1 Qd7 29. Ne3 Nb6 30. Nh4 Qc7 31. Qd1 Nc4 32. Nhf5 Nxe3 33. Nxe3 Bf8 34.
Kg2 Qc6 35. Qg4 Qg6 36. Qh4 Qg5 37. Qxg5 hxg5 38. Kf3 f6 39. Nd5 Bd6 40. h4 gxh4
41. gxh4 Kf7 42. h5 Ke6 43. Ne3 Bf8 44. Kg4 Bd6 45. f3 Be7 46. Nf5 Bf8 47. Ne3
Be7 48. Nd5 Bd6 49. h6 gxh6 50. Kh5 Kf7 51. Kxh6 Bf8+ 52. Kh7 Bd6 53. Ne3 Bf8
54. Nf5 a5 55. bxa5 Bxa3 56. a6 Bc5 57. Nd6+ Ke6 58. Nxb5 Kd7 59. a7 Kc6 60. a8=Q+
Kxb5 61. Qb7+ Kc4 62. Qf7+ Kd3 63. Qxf6 Bd4 64. Kg6 Ke3 65. Kf5 Kxe4+ 66. Kxe4
1-0